Génesis y particularidades del fascismo en América Latina /
Spremljeno u:
| Glavni autor: | |
|---|---|
| Daljnji autori: | , |
| Format: | Tekst |
| Oznake: |
Dodaj oznaku
Bez oznaka, Budi prvi tko označuje ovaj zapis!
|
MARC
| LEADER | 00000 a a2200000 04500 | ||
|---|---|---|---|
| 001 | 16397 | ||
| 003 | |||
| 040 | |||
| 100 | |a Barrios, Jaime | ||
| 245 | |a Génesis y particularidades del fascismo en América Latina / |c Jaime Barrios | ||
| 700 | |a Padilla, Luis Alberto | ||
| 700 | |a Maidanik, Kiva | ||
| 773 | |g número 4; páginas 71-77 | ||
| 999 | |c 20299 |d 20299 | ||
